Soukromé školy na Moravě a ve Slezsku : (školní rok 1992/93) /

Hlavní autor: Smolka, Radovan
Jazyk: Čeština
Vydáno: [Praha] : Ústav pro informace ve vzdělávání, 1992
Témata:
Fyzický popis: 119 s. ; 21 cm
Knihy
Uloženo v:
LEADER 01535nam a22004212a 4500
001 000086938
003 CZ BrMZK
005 20210727112013.0
007 ta
008 040716s1992 xr f |||| 0 cze d
015 |a cnb000072395 
020 |a 80-211-0134-2  |q (brož.) 
035 |a (OCoLC)39585835 
040 |a ABA001  |b cze  |d BOA001 
043 |a e-cz-m- 
045 |a x9x9 
080 9 |a 373.5/.6 
080 9 |a 376 
080 9 |a 377 
080 9 |a 373.2 
080 9 |a 373.3 
100 1 |a Smolka, Radovan  |7 jx20040805038  |4 aut 
245 1 0 |a Soukromé školy na Moravě a ve Slezsku :  |b (školní rok 1992/93) /  |c [zpracoval Radovan Smolka] 
246 3 |a Soukromé školy na Moravě a ve Slezsku 1992/93 
260 |a [Praha] :  |b Ústav pro informace ve vzdělávání,  |c 1992 
300 |a 119 s. ;  |c 21 cm 
500 |a 500 výt. 
504 |a Obsahuje bibliografické odkazy 
651 7 |a Slezsko (Česko)  |7 ge138041  |2 czenas 
651 7 |a Morava (Česko)  |7 ge130070  |2 czenas 
653 0 |a gymnázia  |a mateřské školy  |a soukromé školy  |a speciální školy  |a střední odborná učiliště  |a střední odborné školy  |a základní školy 
655 7 |a přehledy  |7 fd133202  |2 czenas 
655 7 |a příručky  |7 fd133209  |2 czenas 
910 |a BOA001  |b 2-0986.652,1992/93 
990 |a BK 
991 |b 202107 
996 6 |b 2619920764  |c 2-0986.652,1992/93  |l MZK  |r Sklad / do 1 hodiny  |n 0  |w 000086938  |u 000020  |a 1  |e BOA001  |j MZK50  |s P 
996 7 |b 2619982449  |c 2-0986.652,1992/93  |l MZK  |r Sklad / do 1 hodiny  |n 0  |w 000086938  |u 000010  |a 1  |e BOA001  |j MZK50  |s A